<?xml version="1.0" encoding="UTF-8"?><?xml-stylesheet type="text/xsl" href="static/style.xsl"?><OAI-PMH xmlns="http://www.openarchives.org/OAI/2.0/" xmlns:xsi="http://www.w3.org/2001/XMLSchema-instance" xsi:schemaLocation="http://www.openarchives.org/OAI/2.0/ http://www.openarchives.org/OAI/2.0/OAI-PMH.xsd"><responseDate>2026-04-17T08:01:40Z</responseDate><request verb="GetRecord" identifier="oai:www.recercat.cat:10230/70968" metadataPrefix="marc">https://recercat.cat/oai/request</request><GetRecord><record><header><identifier>oai:recercat.cat:10230/70968</identifier><datestamp>2025-07-23T08:43:07Z</datestamp><setSpec>com_2072_6</setSpec><setSpec>col_2072_452952</setSpec></header><metadata><record xmlns="http://www.loc.gov/MARC21/slim" xmlns:dcterms="http://purl.org/dc/terms/" xmlns:xsi="http://www.w3.org/2001/XMLSchema-instance" xmlns:doc="http://www.lyncode.com/xoai" xsi:schemaLocation="http://www.loc.gov/MARC21/slim http://www.loc.gov/standards/marcxml/schema/MARC21slim.xsd">
   <leader>00925njm 22002777a 4500</leader>
   <datafield ind2=" " ind1=" " tag="042">
      <subfield code="a">dc</subfield>
   </datafield>
   <datafield ind2=" " ind1=" " tag="720">
      <subfield code="a">Ventura, Rafael</subfield>
      <subfield code="e">author</subfield>
   </datafield>
   <datafield ind2=" " ind1=" " tag="720">
      <subfield code="a">Bai, Minghao</subfield>
      <subfield code="e">author</subfield>
   </datafield>
   <datafield ind2=" " ind1=" " tag="260">
      <subfield code="c">2025-07-22T12:36:16Z</subfield>
   </datafield>
   <datafield ind2=" " ind1=" " tag="260">
      <subfield code="c">2025-07-22T12:36:16Z</subfield>
   </datafield>
   <datafield ind2=" " ind1=" " tag="260">
      <subfield code="c">2025</subfield>
   </datafield>
   <datafield ind2=" " ind1=" " tag="520">
      <subfield code="a">In recent years, the popularity of short videos has provided rural women in China with an unprecedented opportunity for self‐presentation and engagement with the outside world, enabling them to articulate their own narratives with authenticity. On Douyin, a leading short video platform, content produced by rural women has gained significant attention, resonating particularly with female audiences. This study, based on 21 semi‐structured interviews conducted with Chinese women viewers, investigates the factors driving the popularity of rural female influencers’ content, the gratifications that female viewers obtain, and their perceptions of these rural influencers’ authenticity. The findings reveal that female audiences gain insights into the structural challenges and vulnerabilities faced by rural women in China, as well as how these influencers challenge traditional gender norms. Ultimately, this study underscores the transformative potential of short videos to provide female audiences with a window into the lives of rural women, stimulating critical reflection on deeply embedded cultural constructs and advancing social inclusion. Promoting gender equality and social development may provide various opportunities for the autonomy of rural women in the future.</subfield>
   </datafield>
   <datafield ind1="8" ind2=" " tag="024">
      <subfield code="a">http://hdl.handle.net/10230/70968</subfield>
   </datafield>
   <datafield tag="653" ind2=" " ind1=" ">
      <subfield code="a">Audience reception</subfield>
   </datafield>
   <datafield tag="653" ind2=" " ind1=" ">
      <subfield code="a">Douyin</subfield>
   </datafield>
   <datafield tag="653" ind2=" " ind1=" ">
      <subfield code="a">Gender norms</subfield>
   </datafield>
   <datafield tag="653" ind2=" " ind1=" ">
      <subfield code="a">Rural women</subfield>
   </datafield>
   <datafield tag="653" ind2=" " ind1=" ">
      <subfield code="a">Short videos</subfield>
   </datafield>
   <datafield tag="653" ind2=" " ind1=" ">
      <subfield code="a">Social networks</subfield>
   </datafield>
   <datafield ind2="0" ind1="0" tag="245">
      <subfield code="a">Engaging with Chinese rural women influencers on Douyin: female viewers’ perspectives on gender norms</subfield>
   </datafield>
</record></metadata></record></GetRecord></OAI-PMH>